Ciencia de la sociedad / (Record no. 5036)

000 -CABECERA
fixed length control field 01052nam a22002897a 4500
003 - IDENTIFICADOR DEL NÚMERO DE CONTROL
control field AR-CdUCM
008 - DATOS DE LONGITUD FIJA--INFORMACIÓN GENERAL
fixed length control field 190311b ||||| |||| 00| 0 spa d
040 ## - FUENTE DE LA CATALOGACIÓN
Agencia/entidad que catalogó originalmente la obra MUNICIPALIDAD PROVINCIAL DEL CUSCO
Entidad que transcribió la catalogación BIBLIOTECA MUNICIPAL DEL CUSCO
082 ## - NÚMERO DE LA CLASIFICACIÓN DECIMAL DEWEY
No. de Clasificación 320.531 /
Notacion interna S47
100 ## - ENTRADA PRINCIPAL--NOMBRE DE PERSONA
Nombre Personal Shajnazárov, G.
245 ## - MENCIÓN DE TÍTULO
Título Ciencia de la sociedad /
260 ## - PUBLICACIÓN, DISTRIBUCIÓN, ETC.
Lugar de publicación, distribución, etc. Moscu :
Nombre de la editorial, distribuidor, etc. Progreso,
Fecha de publicación, distribución, etc. 1982.
300 ## - DESCRIPCIÓN FÍSICA
Nº de Páginas Extensión 357 paginas ;
Dimensiones 20.5 cm.
505 ## - NOTA DE CONTENIDO CON FORMATO
Nota de contenido formateada Los principios del Marxismo-Leninismo -- Representaciones filosóficas del mundo y su conocimiento -- Teoría del desarrollo de la sociedad -- El capitalismo -- Periodo de transición del capitalismo al socialismo ...
650 ## - PUNTO DE ACCESO ADICIONAL DE MATERIA--TÉRMINO DE MATERIA
Descriptor Comunismo
9 (RLIN) 495
650 ## - PUNTO DE ACCESO ADICIONAL DE MATERIA--TÉRMINO DE MATERIA
Descriptor Socialismo
9 (RLIN) 1037
650 ## - PUNTO DE ACCESO ADICIONAL DE MATERIA--TÉRMINO DE MATERIA
Descriptor Capitalismo
9 (RLIN) 3221
650 ## - PUNTO DE ACCESO ADICIONAL DE MATERIA--TÉRMINO DE MATERIA
Descriptor Régimen económico
9 (RLIN) 15384
650 ## - PUNTO DE ACCESO ADICIONAL DE MATERIA--TÉRMINO DE MATERIA
Descriptor Desarrollo social
9 (RLIN) 1131
700 ## - PUNTO DE ACCESO ADICIONAL--NOMBRE DE PERSONA
Nombre Personal Boborikin, A.
9 (RLIN) 15385
700 ## - PUNTO DE ACCESO ADICIONAL--NOMBRE DE PERSONA
Nombre Personal Krasin, Y.
9 (RLIN) 15386
700 ## - PUNTO DE ACCESO ADICIONAL--NOMBRE DE PERSONA
Nombre Personal Sujodeiev, V.
9 (RLIN) 15387
700 ## - PUNTO DE ACCESO ADICIONAL--NOMBRE DE PERSONA
Nombre Personal Vidiella Ruiz, Rafael (traductor)
9 (RLIN) 15388
942 ## - ELEMENTOS DE PUNTO DE ACCESO ADICIONAL (KOHA)
Fuente de clasificación
Tipo de item Libros-BMC
945 ## - PROCESAMIENTO DE INFORMACIÓN LOCAL (OCLC)
Catalogador acv
Holdings
Estado de retiro (separado) Fuente de clasificación o esquema de estanterías Estado dañado Ubicación Sala donde se ubica Nombre de la colección Fecha de adquisición o compra Costo, precio normal en soles Signatura topográfica Código de Barras Última vez visto (Koha) Tipo de ítem (Koha)
No     Sala Humanidades Sala Humanidades Book Cart 2019-03-11 25.00 320.531 / S47 SH0000005194 2019-03-11 Libros-BMC

Powered by Koha